| 000 | 00988nam0a2200253 4500 | ||
|---|---|---|---|
| 001 | RU\NLR\BIBL_A\012090279 | ||
| 005 | 20250623204904.0 | ||
| 010 | _910090 | ||
| 035 | _a(NLR Aleph) 012090279 | ||
| 090 |
_a13296617 _c13296617 |
||
| 100 | _a20190910d1954 |||y0rusy50 ca | ||
| 101 | 0 | _akir | |
| 102 | _aKG | ||
| 105 | _ay z 000yy | ||
| 200 | 1 |
_aГрибкалуу (таз, темирѳткү, микроскопия) оорулар жана аларга каршы күрѳшүү _fА. Б. Буранчиев _gКырг. ССР саламаттык сактоо М-восу |
|
| 210 |
_aФрунзе _d1954 |
||
| 215 |
_a15,[1] c. _d20 |
||
| 541 | 1 |
_aГрибковые заболевания (парша, лишай, микроспория) и их профилактика _zrus |
|
| 686 | 1 | _aР264.94 я9 | |
| 700 | 1 |
_aБуранчиев _bА. Б. _f1913- _gАриф Буранчиевич _4070 |
|
| 852 |
_aNLR _bОНЛ _jКирг./2-1740 |
||
| 942 | _cBOOK | ||
| 980 | _aNB | ||